Statistics for Ghostbusters Franchise

Click here to take the quiz!

General Stats

  • This quiz has been taken 38 times
  • The average score is 17 of 68

Answer Stats

TypeYearNameInfo% Correct
Film1984GhostbustersColumbia
100%
Video Game2016GhostbustersActivision
100%
Video Game2010GhostbustersFuji Shogi
100%
Video Game1984GhostbustersActivision
100%
Video Game2013GhostbustersBeeline Interactive
100%
Film2016GhostbustersSony
100%
Video Game2006GhostbustersSony Pictures Mobile
100%
Video Game1990GhostbustersSega
100%
Video Game1990Ghostbusters IIActivision
100%
Video Game1989Ghostbusters IIActivision / S.A.
100%
Film1989Ghostbusters IIColumbia
100%
Video Game2009Ghostbusters: The Video GameAtari / Sony
100%
Video Game1993The Real GhostbustersKotobuki Systems / Activision
30%
Comic Series1988-1992The Real GhostbustersMarvel UK / NOW Comics
30%
Video Game1987The Real GhostbustersData East / Activision
30%
TV Show1986-1991The Real GhostbustersABC / Syndication
30%
TV Show1997Extreme GhostbustersSyndication
19%
Video Game2001Extreme GhostbustersLight and Shadow Productions
19%
Video Game2001Extreme GhostbustersFuji Shogi
19%
Comic Book2017Ghostbusters: Answer the CallIDW Publishing
15%
Comic Series2018Ghostbusters Crossing OverIDW Publishing
11%
Comic Collection2018Ghostbusters: Spectral ShenanigansIDW Publishing
11%
Comic Series2014-2015Teenage Mutant Ninja Turtles/GhostbustersIDW Publishing
11%
Comic Series2018Teenage Mutant Ninja Turtles/Ghostbusters 2IDW Publishing
11%
Comic Series2019Transformers/Ghostbusters: Ghosts of CybertronIDW Publishing
11%
Comic Book20152015 Ghostbusters: AnnualIDW Publishing
7%
Comic Book20172017 Ghostbusters: AnnualIDW Publishing
7%
Comic Book20182018 Ghostbusters: AnnualIDW Publishing
7%
Comic Series2017Ghostbusters: 101IDW Publishing
7%
Comic Book2019Ghostbusters 20/20IDW Publishing
7%
Film2020Ghostbusters 2020Sony
7%
Comic Book2019Ghostbusters 35th AnniversaryIDW Publishing
7%
Comic Book2010Ghostbusters: Con-VolutionIDW Publishing
7%
Comic Series2016Ghostbusters: DeviationsIDW Publishing
7%
Comic Series2009Ghostbusters: Displaced AggressionIDW Publishing
7%
Comic Book2017Ghostbusters: Funko UniverseIDW Publishing
7%
Comic Collection2010Ghostbusters: Haunted HolidaysIDW Publishing
7%
Comic Series2016Ghostbusters: InternationalIDW Publishing
7%
Comic Series2004Ghostbusters: Legion88MPH Studios
7%
Comic Collection2015Ghostbusters: Mass HysteriaIDW Publishing
7%
Comic Collection2012Ghostbusters OmnibusIDW Publishing
7%
Video Game2012Ghostbusters: Paranormal BlastXMG Studio
7%
Comic Book2009Ghostbusters: Past, Present, and FutureIDW Publishing
7%
Video Game2014Ghostbusters PinballFarSight Studios
7%
Video Game2016Ghostbusters: Slime CityEightPixelsSquare
7%
Comic Book2010Ghostbusters: Tainted LoveIDW Publishing
7%
Comic Series2009Ghostbusters: The Other SideIDW Publishing
7%
Comic Collection2014Ghostbusters: Total ContainmentIDW Publishing
7%
Video Game2018Ghostbusters WorldNextAge
7%
Comic Series2011InfestationIDW Publishing
7%
Comic Book2013Mars Attacks the Real GhostbustersIDW Publishing
7%
Video Game1990New Ghostbusters IIHAL Laboratory
7%
Comic Book2014The X-Files ConspiracyIDW Publishing
7%
Video Game2002Extreme Ghostbusters: Code Ecto-1Light and Shadow Productions / DreamCatcher Interactive
4%
Video Game2004Extreme Ghostbusters: The Ultimate InvasionLight and Shadow Productions
4%
Video Game2001Extreme Ghostbusters: Zap the Ghosts!Light and Shadow Productions
4%
Comic Book2017Ghostbusters: Dia de Los Muertos HCF17 EditionIDW Publishing
4%
TV ShowTBAGhostbusters: Ecto ForceNickelodeon
4%
Comic Book2019Ghostbusters Ectomobile: Race Against Slime!Insight Editions
4%
Comic Series2015Ghostbusters: Get RealIDW Publishing
4%
Video Game2011Ghostbusters: Sanctum of SlimeAtari
4%
Comic Book2012Ghostbusters Times Scare!IDW Publishing
4%
Comic Book2010Ghostbusters: What in Samhain Just Happened?!IDW Publishing
4%
Novel2016Ghosts from Our Past: Both Literally and Figuratively: The Study of the ParanormalAndrew Shaffer
4%
Novel2016Tobin's Spirit Guide: Official Ghostbusters EditionErik Burnham
4%
Video Game2001Extreme Ghostbusters Creativity CenterLight and Shadow Productions
0%
Comic Collection2012Ghostbusters: 100-Page SpectacularIDW Publishing
0%
Novel2004Ghostbusters: The ReturnSholly Fisch
0%

Score Distribution

Percentile by Number Answered

Percent of People with Each Score

Your Score History

You have not taken this quiz